<?xml version="1.0" encoding="UTF-8"?>
<collection xmlns="http://www.loc.gov/MARC21/slim">
  <record>
    <leader>00000nam  2200000   4500</leader>
    <datafield tag="247" ind1="#" ind2="#">
      <subfield code="a"/>
    </datafield>
    <datafield tag="856" ind1="#" ind2="#">
      <subfield code="a"/>
    </datafield>
    <datafield tag="700" ind1=" " ind2="#">
      <subfield code="a"/>
    </datafield>
    <datafield tag="650" ind1=" " ind2="#">
      <subfield code="a">Transformasi Kolaboratif</subfield>
    </datafield>
    <datafield tag="520" ind1=" " ind2="#">
      <subfield code="a">Transformasi kolaboratif dalam pembinaan ideologi Pancasila melalui Program KAWAL&#13;
PANCASILA merupakan inisiatif strategis yang bertujuan untuk memperkuat pemahaman dan&#13;
aktualisasi nilai-nilai Pancasila sebagai landasan utama dalam kehidupan bermasyarakat,&#13;
berbangsa, dan bernegara. Program ini mengedepankan sinergi antara berbagai pemangku&#13;
kepentingan, termasuk pemerintah pusat, pemerintah daerah (provinsi dan kabupaten/kota),&#13;
lembaga pendidikan, organisasi masyarakat, sektor swasta, media massa, serta komunitas lokal.&#13;
Melalui pendekatan kolaboratif, program ini berfokus pada penyebarluasan ideologi dan&#13;
pengamalan nilai-nilai Pancasila secara lebih mendalam di seluruh lapisan masyarakat. Program ini juga merespon tantangan globalisasi dengan mengadopsi pendekatan yang inovatif&#13;
dan adaptif, sehingga mampu menjaga kohesi sosial, memperkuat persatuan dan kesatuan&#13;
nasional, serta melindungi identitas nasional. Melalui kolaborasi lintas sektor dan pendekatan yang&#13;
inklusif, transformasi ini diharapkan dapat menjaga relevansi Pancasila sebagai dasar nrgara,&#13;
ideologi dan pandangan hidup bangsa Indonesia guna meningkatkan Indeks Aktualisasi Pancasila&#13;
di Provinsi Sumatera Utara.</subfield>
    </datafield>
    <datafield tag="321" ind1="#" ind2="#">
      <subfield code="a"/>
    </datafield>
    <datafield tag="310" ind1="#" ind2="#">
      <subfield code="a"/>
    </datafield>
    <datafield tag="300" ind1="#" ind2="#">
      <subfield code="a">70 hlm. :</subfield>
      <subfield code="b">ill. ;</subfield>
      <subfield code="c">30 cm</subfield>
      <subfield code="e"/>
    </datafield>
    <datafield tag="260" ind1="#" ind2="#">
      <subfield code="a">Jakarta :</subfield>
      <subfield code="b">Pusbangkom Pimnas dan Manajerial ASN. ;</subfield>
      <subfield code="c">2024</subfield>
    </datafield>
    <controlfield tag="001">$a INLIS000000000020904</controlfield>
    <datafield tag="245" ind1="#" ind2="#">
      <subfield code="a">Transformasi Kolaboratif Dalam Pembinaan Ideologi Pancasila</subfield>
      <subfield code="b"/>
      <subfield code="c">Zulkifli</subfield>
    </datafield>
    <datafield tag="100" ind1=" " ind2="#">
      <subfield code="a">Zulkifli</subfield>
    </datafield>
    <datafield tag="084" ind1="#" ind2="#">
      <subfield code="a">R 088 PKN I 2024</subfield>
    </datafield>
    <datafield tag="082" ind1="#" ind2="#">
      <subfield code="a"/>
    </datafield>
    <datafield tag="035" ind1="#" ind2="#">
      <subfield code="a">0010-0526000009</subfield>
    </datafield>
    <datafield tag="020" ind1="#" ind2="#">
      <subfield code="a"/>
    </datafield>
    <controlfield tag="008">$a 260508################g##########0#ind##</controlfield>
    <controlfield tag="005">$a 20260508154338</controlfield>
  </record>
</collection>
